000 00989nam a2200277 a 4500
001 000027469
003 DO-SdBNP
005 20220804113859.0
007 ta
008 110331s1986 dr ac 000 0bspa d
040 _aDO-SdBNP
_bspa
_cBNPHU
082 4 _a928.61
_bC277h
_222
100 1 _aHoepelman, Virgilio
_911257
245 1 0 _aVida y escritos de Francisco Celio Carías Lavandier /
_cVirgilio Hoepelman.
260 _aSanto Domingo :
_bMontalvo,
_c1986.
300 _a145 p. :
_bil., fot., retrs. ;
_c21 cm.
590 _aInventariado, 2019/MFF
600 1 4 _aCarias Lavandier, Francisco Celio,
_d1895-1960
_954545
650 4 _aAutores dominicanos
_xHistoria y crítica
_ySiglo XX
_923591
650 4 _aAutores dominicanos
_920987
_vCorrespondencias, memorias, etc.
650 4 _aRomanticismo
_98740
650 4 _aIdealismo en la literatura
_948318
650 4 _aLiteratura dominicana
_xHistoria y crítica
_9159
910 _aValidado. Control de calidad EMS
942 _2ddc
_cLBS1
999 _c26961
_d26961